In the hands of God / (Record no. 522)

MARC details
000 -LEADER
fixed length control field 00748cam a2200253 i 4500
001 - CONTROL NUMBER
control field 2299395
003 - CONTROL NUMBER IDENTIFIER
control field GBCCL
005 - DATE AND TIME OF LATEST TRANSACTION
control field 20241126110340.0
008 - FIXED-LENGTH DATA ELEMENTS--GENERAL INFORMATION
fixed length control field 801006t19811966pau 000 0 eng
010 ## -
-- 80025261
020 ## - INTERNATIONAL STANDARD BOOK NUMBER
International Standard Book Number 0664243622
040 ## - CATALOGING SOURCE
Original cataloging agency DLC
Transcribing agency DLC
Modifying agency DLC
050 00 -
-- BV4832.2
-- .B29 1981
082 00 - DEWEY DECIMAL CLASSIFICATION NUMBER
Classification number 242
Edition information 19
Item number BAR
100 1# - MAIN ENTRY--PERSONAL NAME
Personal name Barclay, William,
Dates associated with a name 1907-1978.
240 10 -
-- Seen in the passing
245 10 - TITLE STATEMENT
Title In the hands of God /
Statement of responsibility, etc. by William Barclay ; selected by Rita F. Snowden.
260 ## - PUBLICATION, DISTRIBUTION, ETC.
Place of publication, distribution, etc. Philadelphia :
Name of publisher, distributor, etc. Westminster Press,
Date of publication, distribution, etc. [1981] c1966.
300 ## - PHYSICAL DESCRIPTION
Extent 158 p. ;
Dimensions 19 cm.
650 #0 - SUBJECT ADDED ENTRY--TOPICAL TERM
Topical term or geographic name entry element Meditations.
700 1# - ADDED ENTRY--PERSONAL NAME
Personal name Snowden, Rita F.,
Dates associated with a name 1907-1999.
906 ## - LOCAL DATA ELEMENT F, LDF (RLIN)
a 7
b cbc
c orignew
d u
e ocip
f 19
g y-gencatlg
942 ## - ADDED ENTRY ELEMENTS (KOHA)
Source of classification or shelving scheme Dewey Decimal Classification
Koha item type Books
Holdings
Withdrawn status Lost status Source of classification or shelving scheme Damaged status Not for loan Home library Current Library Shelving location Date acquired Total checkouts Full call number Barcode Date last seen Copy number Price effective from Koha item type
    Dewey Decimal Classification     GRACE BIBLE COLLEGE GRACE BIBLE COLLEGE Ministry & Mission 2016-11-10   242 BAR 008268 2025-05-01 c.1 2016-11-10 Books
© Grace Bible College Library 2025